[Event "Winter 2018 CCCSA-GM B"]
[Site "Charlotte"]
[Date "2018.01.14"]
[Round "6.3"]
[White "Burke, John M"]
[Black "Gorovets, Andrey"]
[Result "1-0"]
[WhiteElo "2514"]
[BlackElo "2517"]
[Annotator "TA"]
[PlyCount "81"]
[EventDate "2018.01.11"]
[EventType "tourn"]
[EventCountry "USA"]
[SourceTitle "playchess.com"]
[Source "ChessBase"]
[SourceQuality "1"]

{[%evp 18,81,29,28,70,59,57,51,89,110,138,134,133,145,135,140,143,133,145,125,124,118,118,114,158,158,146,143,159,163,174,166,206,181,197,196,195,195,339,280,393,339,381,372,350,350,288,218,590,554,533,267,900,650,1158,1152,29968,29966,29970,29966,29971,29972,29972,29971,29979,29980]} 1. e4 c6 2. Nc3 d5 3. Nf3 dxe4 4. Nxe4 Nf6 5. Qe2 Nxe4 6. Qxe4 Qd5 {B11: Caro-Kann: Two Knights Variation} 7. Qh4 (7. Qf4 Qf5 8. Qe3 Qxc2 9. Bd3 Qa4 10. O-O Nd7 11. b3 Qb4 12. Bb2 Nf6 13. Bc4 Nd5 14. Qe4 {1-0 (28) Harikrishna,P (2744)-Howell,D (2676) Riadh 2017}) 7... Qe6+ 8. Be2 Qg4 9. Qg3 Qxg3 10. hxg3 {LiveBook: 12 Games} Nd7 11. b3 Nf6 12. Bb2 g6 $146 ({Predecessor:} 12... h6 13. O-O-O Bg4 14. Rde1 {½-½ (52) Bashirli,N (2363)-Burmakin,V (2515) St Petersburg 2017}) 13. Ng5 Bg7 14. Nxh7 $1 Rxh7 15. Rxh7 Nxh7 16. Bxg7 Nf6 17. O-O-O Be6 18. Rh1 Kd7 19. Rh8 Rxh8 20. Bxh8 c5 21. Bxf6 exf6 $16 {[%mdl 4096] Endgame KB-KB} 22. Kb2 Kd6 23. Kc3 Bd7 24. Bc4 Be8 25. d4 a5 26. dxc5+ Kxc5 {[#]} 27. a3 $1 {[%cal Ba2a3,Ba3b4,Bb4c5][%mdl 32]} f5 (27... b6 $142 28. b4+ Kd6) 28. b4+ $18 axb4+ (28... Kd6 {was called for.} 29. bxa5 Kc5) 29. axb4+ Kd6 30. Kd4 f6 31. Bd5 b6 32. c4 g5 $2 (32... Ba4 33. f3 Be8) 33. c5+ bxc5+ 34. bxc5+ Kc7 $2 (34... Ke7 35. Kc4 Kd7) 35. Be6 Bc6 {[#]} 36. f3 $1 f4 37. gxf4 {White mates.} gxf4 38. Bd5 Bb5 39. Ke4 Bf1 40. Kxf4 Bxg2 41. Kf5 {Precision: White = 93%, Black = 26%.} 1-0

[Event "Winter 2018 CCCSA-GM B"]
[Site "Charlotte"]
[Date "2018.01.14"]
[Round "6.4"]
[White "Gauri, Shankar"]
[Black "Jacobson, Brandon"]
[Result "1-0"]
[WhiteElo "2345"]
[BlackElo "2376"]
[Annotator "TA"]
[PlyCount "117"]
[EventDate "2018.01.11"]
[EventType "tourn"]
[EventCountry "USA"]
[SourceTitle "playchess.com"]
[Source "ChessBase"]
[SourceQuality "1"]

{[%evp 22,117,20,0,0,0,0,0,0,0,0,0,0,0,0,0,0,0,17,0,24,24,24,24,24,29,73,54,85,0,18,27,25,0,0,0,0,0,89,0,0,0,0,0,55,13,13,13,12,12,12,12,12,10,66,56,52,62,57,50,48,24,55,39,23,0,2,3,22,22,22,22,275,286,391,318,833,833,833,833,833,833,833,818,815,808,1403,1177,1541,1532,1464,1541,1515,1451,1321,1232,1084,1053]} 1. e4 c5 2. Nf3 d6 3. d4 cxd4 4. Nxd4 Nf6 5. Nc3 a6 6. h3 e5 7. Nde2 h5 {B90: Sicilian Najdorf: Unusual White 6th moves, 6 Be3 Ng4 and 6 Be3 e5} 8. Bg5 (8. g3 Nbd7 9. Bg2 b5 10. Nd5 Nxd5 11. Qxd5 Qc7 12. Be3 Bb7 13. Qd2 Rc8 14. Nc3 Nb6 15. Bxb6 Qxb6 {½-½ (33) Nakamura,H (2792)-Vachier Lagrave,M (2791) Saint Louis 2017}) 8... Be6 9. Bxf6 Qxf6 10. Nd5 Qd8 11. Nec3 Nc6 12. Bc4 {LiveBook: 7 Games} g6 13. O-O $146 ({Predecessor:} 13. Bb3 Bh6 14. O-O O-O 15. Qd3 {½-½ (27) Jensen,C (2377)-Florea,M (2463) ICCF email 2014}) 13... Bh6 14. Qd3 Rc8 15. Bb3 O-O 16. Rad1 Nd4 17. f4 Nxb3 18. axb3 Bxd5 19. Nxd5 exf4 20. Nxf4 Bg7 21. Nd5 Be5 22. c3 Qg5 23. Rf3 b5 24. Ra1 Kg7 25. Rff1 (25. Qf1 $16) 25... Ra8 26. Nc7 Rac8 27. Nd5 Qg3 28. Qxg3 Bxg3 29. Rxa6 Ra8 {[#]} (29... Rce8 $11) 30. Ra3 ({White should play} 30. Rxa8 $1 $16 Rxa8 31. Nc7) 30... Rae8 $11 31. Rf3 h4 32. Re3 Ra8 (32... f5 $11) 33. Nc7 (33. b4 {is interesting.} Rae8 34. Ra7 Re6 35. Kf1 Rfe8 36. Rb7) 33... Rxa3 34. bxa3 {[%mdl 4096] Endgame KRB-KRN} Rb8 $1 35. Re2 Kf6 $1 36. Rd2 {aiming for Rd5.} Rb7 37. Nd5+ Ke5 (37... Ke6 $11) 38. Rd4 $14 Ra7 39. a4 bxa4 40. bxa4 Ra5 41. Nb6 Ra6 42. Nc4+ Ke6 43. a5 {[%cal Ba4a5,Ba5a6][%mdl 32]} Be1 44. Rd3 Rc6 45. Nd2 Rc5 46. Nb3 Re5 $2 {[%mdl 8192]} (46... Rc4 $1 $11 {and Black stays safe.}) 47. a6 $18 {[#] And now a7 would win.} Rxe4 48. a7 Bg3 $2 (48... Ra4 49. Re3+ Kd5 50. Rxe1 Rxa7) 49. Rd1 {White is clearly winning.} Ra4 50. Ra1 Rxa7 51. Rxa7 f5 52. Kf1 Be5 53. c4 g5 54. Ke2 Kf6 55. Ra6 Kf7 56. Kf3 Kg7 57. Nd2 Kf7 58. Nf1 Bd4 59. Rxd6 {Precision: White = 54%, Black = 48%.} 1-0

[Event "Winter 2018 CCCSA-GM B"]
[Site "Charlotte"]
[Date "2018.01.14"]
[Round "6.5"]
[White "Khamrakulov, Djurabek"]
[Black "Zapata, Alonso"]
[Result "1/2-1/2"]
[WhiteElo "2498"]
[BlackElo "2422"]
[Annotator "TA"]
[PlyCount "73"]
[EventDate "2018.01.11"]
[EventType "tourn"]
[EventCountry "USA"]
[SourceTitle "playchess.com"]
[Source "ChessBase"]
[SourceQuality "1"]

{[%evp 14,73,4,0,0,0,0,-9,0,0,-3,-8,0,0,12,8,31,21,20,11,31,20,20,17,10,16,31,16,20,27,25,12,8,7,6,6,19,19,23,8,21,14,17,0,0,-14,-23,-48,-13,-10,-7,-80,-66,-101,-81,-93,-87,-120,-129,-131,-71,-76]} 1. e4 c5 2. Nf3 d6 3. c3 Nf6 4. Bd3 Nc6 5. Bc2 g6 6. O-O Bg7 7. d3 O-O 8. Nbd2 {LiveBook: 6 Games} e5 {B50: Sicilian: 2...d6, Miscellaneous} (8... Bg4 9. h3 Bxf3 10. Nxf3 Nd7 11. Re1 b5 12. d4 b4 13. Ba4 Rc8 14. Bg5 bxc3 15. bxc3 h6 16. Be3 Nb6 17. Bb5 cxd4 18. cxd4 {1-0 (59) Akopian,V (2678)-Bologan,V (2652) Moscow 2002}) 9. Re1 h6 10. Nf1 Re8 $146 {The position is equal.} ({Find the theoretical novelty and annotate with similar games:} 10... d5 11. Ng3 d4 12. h3 Qd6 13. Nh2 Be6 14. Qe2 Rfd8 {0-1 (49) Stromboli,C (2325)-Stella,L (2148) Bratto 2013}) 11. a3 d5 12. b4 d4 13. Bb2 Bf8 14. Ba4 Bg4 (14... Nh5 {NOTEXT} 15. Rb1 Nf4 16. cxd4 cxd4 17. Bc1 Qf6) 15. bxc5 dxc3 16. Bxc3 Bxc5 17. Bxc6 bxc6 18. h3 Bxf3 19. Qxf3 Re6 20. Nh2 Qe7 21. a4 Rd8 22. Red1 Bd4 23. Bxd4 Rxd4 24. Qe3 Kg7 25. Nf3 Rd7 26. Rac1 Qa3 27. Rc4 Rb7 28. Rdc1 Nd7 29. Kh2 c5 30. Ne1 Rf6 31. Nc2 $1 {[%cal Rc2a3]} Qb2 32. Kg1 (32. f3 $11) 32... Rd6 33. Ne1 Rd4 34. R4c2 Qb3 35. f4 exf4 ({Much weaker is} 35... Qxa4 $6 36. fxe5 Rdb4 37. Nf3 $11) 36. Qxf4 Qxa4 (36... Rxa4 $142 37. Rf2 Qe6) 37. Rf2 {Precision: White = 43%, Black = 67%.} 1/2-1/2

[Event "Winter 2018 CCCSA-GM B"]
[Site "Charlotte"]
[Date "2018.01.14"]
[Round "7.1"]
[White "Zapata, Alonso"]
[Black "Tiglon, Bryce"]
[Result "0-1"]
[WhiteElo "2422"]
[BlackElo "2385"]
[Annotator "TA"]
[PlyCount "96"]
[EventDate "2018.01.11"]
[EventType "tourn"]
[EventCountry "USA"]
[SourceTitle "playchess.com"]
[Source "ChessBase"]
[SourceQuality "1"]

{[%evp 18,96,2,3,24,8,8,6,8,5,17,0,0,0,0,0,0,0,0,0,0,-13,-10,-60,-66,-53,-14,-70,-75,-67,-72,-97,-60,-63,-63,-56,-43,-40,0,-22,0,-42,-13,-26,8,5,14,7,0,-12,-8,-8,-6,-23,-18,-23,-16,-16,0,-29,0,-25,0,-152,-152,-146,-143,-177,-185,-177,-135,-135,-128,-128,-133,-126,-121,-131,-118,-151,-165]} 1. e4 e6 2. d4 d5 3. Nd2 c5 4. exd5 Qxd5 5. Ngf3 cxd4 6. Bc4 Qd7 {C07: Französische Verteidigung (Tarrasch-Variante)} (6... Qd8 7. O-O Nc6 8. Nb3 a6 9. Nbxd4 Nxd4 10. Nxd4 Qc7 11. Bd3 Nf6 12. Re1 Bd6 13. h3 O-O 14. Bg5 Be5 15. c3 h6 16. Nf3 Bxc3 {1-0 (51) Mamedov,R (2709)-Le,Q (2737) Huaian 2017}) 7. Nb3 Nc6 8. Nbxd4 Nxd4 9. Qxd4 Qxd4 10. Nxd4 {LiveBook: 10 Partien. Weiss will Sb5 spielen.} a6 11. Bf4 b5 12. Be2 Bb7 13. O-O Be7 $146 ({Vorgänger:} 13... O-O-O 14. Rfd1 Nf6 15. c4 bxc4 16. Rac1 Nd5 17. Rxc4+ Kd7 18. Nb3 Bd6 19. Nc5+ Bxc5 20. Rxc5 Rc8 21. Be3 Rxc5 22. Bxc5 Rc8 23. b4 Ke8 {½-½ (23) Meylan,A-Planas Garcia,F Cuba 1965}) 14. a4 b4 $1 15. c3 bxc3 16. bxc3 Nf6 {[%cal Bg8f6,Bf6d7,Bd7c5][%mdl 32]} 17. Rfb1 Be4 18. Rb3 O-O 19. c4 Nd7 {Und ...e5 würde nun gewinnen.} 20. Bf3 Bxf3 21. Nxf3 Rfe8 22. Rd1 (22. Be3 $11) 22... Nc5 $15 23. Ra3 Red8 24. Rd2 Rxd2 (24... g5 {feels hotter.} 25. Be3 g4 26. Rxd8+ Rxd8 27. Nd2 Ne4) 25. Nxd2 Rd8 {...Se4! ist eine echte Drohung.} 26. Ra2 Ne4 {Droht ...Sc3 und aus.} 27. Kf1 Nc5 (27... Nc3 {seems wilder.} 28. Rb2 Nxa4 29. Rb7 Bc5 30. Nb3 f6) 28. Be3 Nd3 29. g3 Rb8 30. Rc2 e5 31. c5 Rc8 32. Ke2 Nb4 33. Rc4 Nd5 34. c6 f5 35. a5 Kf7 36. Bb6 Ke6 37. Nb3 Bd6 38. h3 g6 39. h4 Nc7 40. f4 $2 ({Lieber} 40. Nc5+ $11 Bxc5 41. Rxc5) 40... exf4 $17 41. gxf4 {[#]} Kd5 $1 {[%cal Rd5c4]} 42. Kd3 Ne6 43. Nd4 Nxf4+ 44. Kc3 Be5 45. Kb3 Ne6 46. Nc2 {[#]} Bd6 $1 {Und weiter mit ...Sc5+ wäre nett.} 47. Ne3+ Ke5 48. Rc1 Nd4+ {Precision: Weiß = 44%, Schwarz = 57%.} 0-1

[Event "Winter 2018 CCCSA-GM B"]
[Site "Charlotte"]
[Date "2018.01.14"]
[Round "7.3"]
[White "Gorovets, Andrey"]
[Black "Gauri, Shankar"]
[Result "1/2-1/2"]
[WhiteElo "2517"]
[BlackElo "2345"]
[Annotator "TA"]
[PlyCount "25"]
[EventDate "2018.01.11"]
[EventType "tourn"]
[EventCountry "USA"]
[SourceTitle "playchess.com"]
[Source "ChessBase"]
[SourceQuality "1"]

{[%evp 12,25,19,1,13,0,25,1,13,7,20,0,0,0,14,0]} 1. d4 Nf6 2. c4 e6 3. Nc3 Bb4 4. g3 c5 5. Nf3 {[%cal Bg1f3,Bf3d4,Bd4b3,Bb3c5][%mdl 32]} Bxc3+ 6. bxc3 Qa5 {E20: Nimzoindisch (Seltene Züge)} 7. Qd3 {LiveBook: 24 Partien} cxd4 8. Nxd4 O-O $146 ({Vorgänger:} 8... a6 9. Bg2 Nc6 10. Nb3 Qc7 11. Bf4 e5 12. Bg5 d6 13. Rd1 Be6 14. Qxd6 Qxd6 15. Rxd6 {1-0 (38) Rogozenco,D (2541)-Tufa,M (2108) Eforie Nord 2009}) 9. Bg2 Nc6 {Die Stellung ist ausgeglichen.} 10. Nb3 Qa4 11. Nc5 Qa5 12. Nb3 Qa4 13. Nc5 1/2-1/2

[Event "Winter 2018 CCCSA-GM B"]
[Site "Charlotte"]
[Date "2018.01.14"]
[Round "7.4"]
[White "Zierk, Steven"]
[Black "Burke, John M"]
[Result "0-1"]
[WhiteElo "2494"]
[BlackElo "2514"]
[Annotator "TA"]
[PlyCount "68"]
[EventDate "2018.01.11"]
[EventType "tourn"]
[EventCountry "USA"]
[SourceTitle "playchess.com"]
[Source "ChessBase"]
[SourceQuality "1"]

{[%evp 24,68,1,0,8,13,69,45,66,41,43,43,40,0,37,62,59,46,50,0,0,-16,0,-7,0,-60,0,0,59,-52,-54,-214,-225,-218,-218,-203,-202,-201,-70,-435,-435,-502,-477,-450,-421,-443,-429]} 1. e4 e5 2. Nf3 Nc6 3. d4 exd4 4. Nxd4 Nf6 5. Nxc6 bxc6 6. e5 Qe7 7. Qe2 Nd5 8. c4 Nb6 9. Nc3 Qe6 10. Qe4 g6 {C45: Scotch Game} 11. f4 (11. Bd2 Bg7 12. c5 Nd5 13. Bc4 Qxe5 14. Qxe5+ Bxe5 15. Bxd5 cxd5 16. O-O-O O-O 17. Nxd5 Rb8 18. Bc3 Bxc3 19. Nxc3 {1-0 (49) Yu,Y (2729)-Dominguez Perez,L (2739) Doha 2016}) 11... Bb4 12. Bd2 a5 13. Bd3 {LiveBook: 3 Games} Ba6 {[%cal Ra6c4]} 14. b3 Bc5 ({Black should try} 14... d5 $11 15. exd6 cxd6) 15. Qe2 $146 ({Predecessor:} 15. O-O-O O-O-O 16. Rhe1 f5 17. Qe2 Bb7 18. Kc2 {½-½ (138) Sankalp,G (2265)-Praggnanandhaa,R (2455) Sharjah 2017}) 15... f5 16. exf6 Qxe2+ $1 17. Bxe2 O-O 18. g4 {[%cal Bg2g4,Bg4g5][%mdl 32]} Bd4 19. g5 Rfe8 20. Kd1 d5 21. Rc1 {Hoping for Bf3.} dxc4 22. Re1 Rad8 23. Bf3 $132 {[%mdl 2048] Strongly threatening Rxe8+. White is not keeping still} Be3 $1 {[%csl Ge3][%cal Rd8d2] [#]} 24. Rc2 (24. Nb1 $1 $11) 24... Rd3 (24... Bc8 $15 25. Re2 Bf5) 25. Re2 $11 Nd5 ({Black should play} 25... Rdd8 $11 26. Re1 cxb3 27. axb3 c5) 26. Bxd5+ (26. Nxd5 $14 cxd5 27. Ke1 Bxd2+ 28. Rcxd2 Rxe2+ 29. Kxe2 cxb3 30. axb3 (30. Rxd3 $2 b2 $19) 30... Rd4+ 31. Kd1 Rxd2+ 32. Kxd2) 26... cxd5 $15 {[%cal Bc6d5,Bd5d4][%mdl 32]} 27. Ke1 $2 (27. Na4 $15) 27... cxb3 $19 28. axb3 d4 29. Nd5 Rxb3 30. Bxe3 Bxe2 (30... dxe3 $19 31. f7+ Kxf7 32. Rxc7+ Kf8) 31. Rxc7 $2 {[%mdl 8192]} (31. Bxd4 $15 Bb5+ 32. Ne7+ Kf8 33. Rxc7) 31... Rexe3 {Black is clearly winning.} 32. Rc8+ Kf7 {[#] ( -> ...Ba6+)} 33. Nxe3 Rxe3 34. Rc7+ Kf8 {Precision: White = 33%, Black = 47%.} ({Not} 34... Ke8 35. Rxh7 Bb5+ 36. Kd1 $19) 0-1

[Event "Winter 2018 CCCSA-GM B"]
[Site "Charlotte"]
[Date "2018.01.14"]
[Round "7.5"]
[White "Kadric, Denis"]
[Black "Ostrovskiy, Aleksandr"]
[Result "1-0"]
[WhiteElo "2502"]
[BlackElo "2391"]
[Annotator "TA"]
[PlyCount "67"]
[EventDate "2018.01.11"]
[EventType "tourn"]
[EventCountry "USA"]
[SourceTitle "playchess.com"]
[Source "ChessBase"]
[SourceQuality "1"]

{[%evp 15,67,61,31,35,54,57,58,54,95,84,94,88,81,33,79,74,125,45,31,41,108,106,144,134,275,148,173,113,105,129,124,117,230,223,272,281,445,416,440,404,406,390,564,559,595,558,562,544,564,562,738,737,781,765]} 1. e4 c6 2. d4 d5 3. e5 c5 4. dxc5 Nc6 5. f4 (5. a3 Nxe5 6. b4 Nf6 7. Bb2 Nc6 8. Nf3 g6 9. Nc3 d4 10. Nb5 e5 11. Qe2 Bg4 12. O-O-O Bh6+ {1-0 (48) Nepomniachtchi,I (2751)-Navara,D (2737) Saint Louis 2017}) 5... e6 6. Be3 {B12: Caro-Kann: Advance Variation} d4 7. Bf2 Bxc5 8. Nd2 Nge7 {LiveBook: 9 Games} 9. Qf3 b6 $146 ({Predecessor:} 9... Nd5 10. O-O-O Bd7 11. Ne4 Be7 12. Kb1 Qb6 {1-0 (45) Nabaty,T (2644)-Kucuksari,K (2299) Teplice 2017}) 10. Bd3 Bb7 11. a3 {aiming for b4.} a5 12. Ne2 Qc7 {[#]} 13. Ne4 $1 O-O-O 14. O-O-O Nd5 15. Bc4 f5 (15... Nde7 $142) 16. Nxc5 ({Better is} 16. Ng5 $16 Qe7 17. Bxd4) 16... bxc5 $14 17. Qb3 g5 (17... Rhe8 $14) 18. fxg5 $16 Qxe5 19. Bg3 Qg7 {[#]} (19... Qe3+ $16 20. Qxe3 dxe3) 20. h4 (20. Bxd5 $1 $18 Rxd5 21. Nf4) 20... Rhe8 21. Rhe1 (21. Bxd5 $18 exd5 22. Rhe1) 21... Qd7 22. Bxd5 Qxd5 23. Qxd5 ({Much weaker is} 23. Qb6 $6 e5 $14) 23... exd5 (23... Rxd5 $16 24. Nf4 Rd6) 24. Nf4 $18 Re4 25. Ne6 c4 (25... f4 {was necessary.}) 26. Nxd8 Kxd8 27. h5 Ke7 28. Bf2 d3 (28... Rxe1 $142 29. Rxe1+ Kf7) 29. cxd3 {White is clearly winning.} cxd3 30. Rxd3 Ne5 31. Rb3 Ba6 {If only Black now had time for ...Nd3+....} 32. Rxe4 fxe4 33. Bd4 Nc6 34. Rb6 {Precision: White = 70%, Black = 21%.} 1-0

[Event "Winter 2018 CCCSA-GM B"]
[Site "Charlotte"]
[Date "2018.01.15"]
[Round "8.1"]
[White "Tiglon, Bryce"]
[Black "Ostrovskiy, Aleksandr"]
[Result "1/2-1/2"]
[WhiteElo "2385"]
[BlackElo "2391"]
[Annotator "TA"]
[PlyCount "116"]
[EventDate "2018.01.11"]
[EventType "tourn"]
[EventCountry "USA"]
[SourceTitle "playchess.com"]
[Source "ChessBase"]
[SourceQuality "1"]

{[%evp 20,116,20,33,25,18,21,37,32,41,48,0,3,-76,-53,-61,39,4,41,41,39,-4,-7,-163,-168,-173,-172,-165,-144,-235,-141,-303,-301,-725,-706,-1085,-277,-275,-248,-252,-185,-166,-122,-148,-123,-139,0,-70,0,-113,-114,-102,-64,-64,0,0,0,0,256,261,243,193,284,0,0,0,0,0,0,0,0,0,0,0,0,0,0,0,0,0,0,0,0,0,0,0,0,0,0,0,0,0,0,0,0,0,0,0,0]} 1. e4 c6 2. d4 d5 3. e5 c5 4. Nf3 Bg4 5. Bb5+ Nc6 6. dxc5 Qa5+ 7. Nc3 {B12: Caro-Kann: Advance Variation} e6 8. Be3 Nge7 9. a3 O-O-O 10. b4 Bxf3 11. gxf3 {LiveBook: 20 Games} (11. bxa5 Bxd1 12. Nxd1 Nxe5 $17) (11. Qxf3 Nxb4 12. O-O Nxc2 $17) 11... Qc7 12. Bxc6 $1 Nxc6 13. Bf4 a6 14. Bg3 g5 15. Qd2 $146 h5 {[%cal Bh7h5,Bh5h4][%mdl 32]} 16. h3 (16. h4 $1 $11 {remains equal.}) 16... h4 $36 {[%mdl 2048] Black is pushing.} 17. Bh2 Nxe5 (17... Bg7 $15 18. Qxg5 Rdg8) 18. Qe2 Bg7 (18... Bd6 $5) 19. O-O-O f5 20. f4 gxf4 $1 {next ...Bh6 is good for Black.} 21. Kb1 $2 (21. Rhg1 $11) 21... Qc6 22. Rhg1 {[#]} Bf6 $1 23. Bxf4 Nc4 24. Rd3 (24. Qd3 $17) 24... e5 {[%cal Be6e5,Be5e4][%mdl 32]} 25. Bg5 $2 (25. Bc1 $17 {is the only way for White.}) 25... Rhg8 $19 ({Not} 25... Nxa3+ 26. Ka2 $17) 26. f4 $2 (26. Bxf6 Rxg1+ 27. Ka2 Qxf6 28. Rxd5 Nxa3 29. Kxa3) 26... e4 27. Rxd5 Rxd5 $2 (27... Nxa3+ 28. Ka2 Bxc3 29. Rxd8+ Rxd8 30. Kxa3 Rd4) 28. Qxc4 Bxc3 29. Qxc3 Qe6 30. Re1 Qd7 31. Kb2 Qg7 32. Bf6 Qd7 (32... Qh6 $17 {Threatens to win with ...Rg3.} 33. Bg5 Qe6) 33. Bxh4 (33. Bg5 $1 $11) 33... Rg2 ({Better is} 33... Rd2 $15) 34. Rc1 (34. Qh8+ $11 {was the only way to keep the balance.} Kc7 35. Bf6) 34... Kb8 {[%mdl 1024] Black has strong compensation.} 35. Qh8+ Ka7 36. Bf6 $1 Qe6 (36... Rd3 $15) 37. Bd4 $1 $11 {[#] aiming for c6+.} Rd2 38. Be3 {Hoping for c6+.} Qc6 $2 {[%mdl 8192]} ({Don't blunder} 38... Rd8 $2 39. Qg7 $16) (38... Re2 $1 $11 {and Black is okay.} 39. Bd4 (39. c6+ Rxe3 40. c7 Rd2 $11) 39... Rd2) 39. Bxd2 $18 Rxd2 {[%mdl 4096] Endgame KQR-KQR} 40. Rg1 {Strongly threatening Rg8.} Qd5 (40... Qa4 $142 41. Rc1 a5) 41. Rg8 $2 (41. Rg3 $18) 41... Rxc2+ $1 $11 {The position is equal.} 42. Kxc2 {[%csl Gh8][%cal Rg8a8]} Qd3+ 43. Kc1 {[%csl Gh8][%cal Rg8a8]} Qf1+ 44. Kd2 {[%csl Gh8][%cal Rg8a8]} Qf2+ 45. Kc3 {[%csl Gh8][%cal Rg8a8]} Qe3+ 46. Kc2 {[%csl Gh8][%cal Rg8a8]} Qe2+ 47. Kb3 {[%csl Gh8][%cal Rg8a8]} Qd1+ 48. Ka2 {[%csl Gh8][%cal Rg8a8]} Qd5+ 49. Ka1 {[%csl Gh8][%cal Rg8a8]} Qd1+ 50. Kb2 {[%csl Gh8][%cal Rg8a8]} Qd2+ 51. Kb3 {[%csl Gh8][%cal Rg8a8]} Qd1+ 52. Ka2 {[%csl Gh8][%cal Rg8a8]} Qd5+ 53. Ka1 {[%csl Gh8][%cal Rg8a8]} Qd1+ 54. Kb2 {[%csl Gh8][%cal Rg8a8]} Qd2+ 55. Kb3 {[%csl Gh8][%cal Rg8a8]} Qd1+ 56. Kb2 {[%csl Gh8][%cal Rg8a8]} Qd2+ 57. Kb3 {[%csl Gh8][%cal Rg8a8]} Qd1+ 58. Kb2 {[%csl Gh8][%cal Rg8a8]} Qd2+ {Precision: White = 42%, Black = 51%.} 1/2-1/2

[Event "Winter 2018 CCCSA-GM B"]
[Site "Charlotte"]
[Date "2018.01.15"]
[Round "8.2"]
[White "Burke, John M"]
[Black "Kadric, Denis"]
[Result "1/2-1/2"]
[WhiteElo "2514"]
[BlackElo "2502"]
[Annotator "TA"]
[PlyCount "32"]
[EventDate "2018.01.11"]
[EventType "tourn"]
[EventCountry "USA"]
[SourceTitle "playchess.com"]
[Source "ChessBase"]
[SourceQuality "1"]

{[%evp 15,17,33,52,51]} 1. e4 d6 2. d4 Nf6 3. Nc3 e5 4. dxe5 dxe5 5. Qxd8+ Kxd8 6. Bc4 Ke8 7. Nf3 Bd6 8. Bg5 Nbd7 {LiveBook: 156 Games} 9. O-O-O {B07: Pirc Defence: Miscellaneous Systems} {Predecessor:} h6 $146 10. Bh4 a6 11. a4 Kf8 12. Nd2 Be7 13. f3 Ne8 14. Bxe7+ Kxe7 15. Nd5+ Kf8 16. a5 Ndf6 {½-½ (92) Gagunashvili,M (2569)-Jobava,B (2672) Tbilisi 2016} 1/2-1/2

[Event "Winter 2018 CCCSA-GM B"]
[Site "Charlotte"]
[Date "2018.01.15"]
[Round "8.3"]
[White "Gauri, Shankar"]
[Black "Zierk, Steven"]
[Result "1/2-1/2"]
[WhiteElo "2345"]
[BlackElo "2494"]
[Annotator "TA"]
[PlyCount "68"]
[EventDate "2018.01.11"]
[EventType "tourn"]
[EventCountry "USA"]
[SourceTitle "playchess.com"]
[Source "ChessBase"]
[SourceQuality "1"]

{[%evp 10,68,32,21,31,24,21,23,27,18,19,32,32,30,27,20,25,15,27,25,36,22,22,58,43,22,84,77,95,77,100,104,97,87,84,44,56,42,64,60,61,64,67,18,22,20,23,23,23,31,28,21,35,36,40,14,21,15,20,16,21]} 1. e4 e6 2. d4 d5 3. Nd2 c5 4. Ngf3 cxd4 5. exd5 Qxd5 6. Bc4 Qd7 {C07: French Tarrasch: 3...c5, 4 Ngf3 and 4 exd5 Qxd5} (6... Qd8 7. O-O Nc6 8. Nb3 a6 9. Nbxd4 Nxd4 10. Nxd4 Qc7 11. Bd3 Nf6 12. Re1 Bd6 13. h3 O-O 14. Bg5 Be5 15. c3 h6 16. Nf3 Bxc3 {1-0 (51) Mamedov,R (2709)-Le,Q (2737) Huaian 2017}) 7. O-O Nc6 8. Nb3 Nf6 {White has an edge.} 9. Nbxd4 Nxd4 10. Nxd4 a6 11. Bg5 b5 12. Bb3 {aiming for Bxf6.} Bb7 13. c3 Ne4 14. Qh5 $36 {[%mdl 2048] [#] Strongly threatening Bxe6. White fights for an advantage.} g6 $146 15. Qh4 Be7 16. Bxe7 Qxe7 17. Qh6 Qg5 {[#]} (17... O-O-O $11) 18. Qxg5 $1 $16 Nxg5 19. f3 h6 20. a4 bxa4 21. Rxa4 O-O 22. h4 Nh7 23. Bc4 Rfd8 24. Rfa1 {[%cal Rc4a6]} Rd6 25. Nb3 Rb6 26. Rb4 Rxb4 27. cxb4 Nf6 28. Nc5 Rb8 $1 29. Ra4 Nd5 30. Bxd5 Bxd5 31. Nxa6 Rb6 32. Nc5 Kg7 {The position is equal.} 33. Kf2 g5 34. hxg5 hxg5 {Precision: White = 86%, Black = 71%.} 1/2-1/2